[Event "15th Paderborner Schachtuerken-Cup 2018"]
[Site "Paderborn"]
[Date "2018.12.29"]
[Round "5"]
[White "Kruse, Janik"]
[Black "Levin, Felix"]
[Result "0-1"]
[WhiteElo "2127"]
[BlackElo "2482"]
[Annotator "TA"]
[PlyCount "88"]
[EventDate "2018.12.27"]
[EventType "swiss"]
[EventCountry "GER"]
[SourceTitle "playchess.com"]
[Source "ChessBase"]
[SourceQuality "1"]

{[%evp 14,88,-45,-53,-39,-40,-35,-49,-45,-79,-60,-85,-19,-36,-29,-46,-54,-45,-64,-54,-56,-54,0,-22,-9,-10,-12,-84,-84,-84,-83,-81,-81,-98,-79,-170,-170,-250,-280,-357,-218,-221,-112,-117,-60,-135,0,-119,-116,-136,-101,-145,0,-151,-117,-135,-135,-122,-131,-306,-313,-418,-418,-418,-418,-414,-411,-355,-349,-557,-542,-542,-542,-5343,-5106,-795,-613]} 1. d4 d5 2. c4 dxc4 3. e4 Nf6 4. Nc3 e5 5. d5 c6 6. Bg5 Bb4 {D20: Queen's Gambit Accepted: 3 e3 and 3 e4} 7. Bxf6 Qxf6 8. Bxc4 {LiveBook: 3 Games} Qg6 {Black is slightly better.} 9. Qf3 Bxc3+ 10. bxc3 O-O 11. h3 Nd7 12. Ne2 $146 ({Predecessor:} 12. dxc6 Nb6 13. Bb3 Qxc6 14. Ne2 {1-0 (57) Le,T (2393)-Kryakvin,D (2544) Moscow 2015}) 12... Nc5 (12... Nb6 $1 $17 {[%cal Rb6c4]} 13. Bb3 cxd5 14. exd5 a5) 13. Ng3 $11 b5 14. Bb3 a5 15. dxc6 {White wants to play Bd5.} Nxb3 16. axb3 Qxc6 17. O-O g6 (17... a4 $15 18. bxa4 bxa4) 18. Rfc1 Kg7 19. Qe3 f6 20. Ra2 (20. c4 $11 {remains equal.}) 20... Be6 $17 21. c4 bxc4 22. bxc4 a4 23. Qa3 Rfc8 24. Qb4 (24. Rb2 $17) 24... Rcb8 $1 $19 {[%cal Rb8b4]} 25. Qe7+ (25. Qd2 {was worth a try.}) 25... Bf7 26. Rc3 Rb1+ 27. Kh2 Rb7 (27... Rb3 $19 28. Rac2 Qe6) 28. Qa3 $17 Rc7 (28... h5 $17 29. f3 Rb1) 29. Qb4 ({White should play} 29. f3 $15) 29... Rb7 30. Qa3 {[#]} h5 $1 $36 {[%mdl 2048] Black is really pushing.} 31. h4 Rc7 32. Qb4 Rb7 33. Qa3 Qb6 34. Qc1 Qc5 35. Nf1 {[#]} Qd4 $1 36. Qc2 $2 {[#]} (36. Qe3 $17 {was necessary.}) 36... Rb3 $1 $19 {[%mdl 512]} 37. Rxb3 axb3 {[%mdl 64] Discovered Attack} 38. Qxb3 Rxa2 39. Qxa2 Bxc4 {[%mdl 64] Double Attack} 40. Qa3 Qxf2 ({Weaker is} 40... Bxf1 41. Qe7+ Kg8 42. Qe8+ Kh7 43. Qe7+ Kh8 44. Qf8+ Kh7 45. Qf7+ Kh8 46. Qf8+ Kh7 47. Qe7+ Kg8 48. Qe8+ Kh7 49. Qe7+ $11) 41. Ne3 (41. Qe7+ {is a better defense.} Bf7 42. Ng3) 41... Qxh4+ {Black is clearly winning.} 42. Kg1 Qxe4 43. Nxc4 Qxc4 44. Qe7+ Qf7 {Accuracy: White = 33%, Black = 58%.} 0-1

[Event "15th Paderborner Schachtuerken-Cup 2018"]
[Site "Paderborn"]
[Date "2018.12.29"]
[Round "6"]
[White "Levin, Felix"]
[Black "Skembris, Spyridon"]
[Result "1/2-1/2"]
[WhiteElo "2482"]
[BlackElo "2384"]
[Annotator "ChessBase"]
[PlyCount "40"]
[EventDate "2018.12.27"]
[EventType "swiss"]
[EventCountry "GER"]
[SourceTitle "playchess.com"]
[Source "ChessBase"]
[SourceQuality "1"]
[TimeControl "40/5400+30:900+30"]

1. d4 {[%emt 0:00:00]} Nf6 {[%emt 0:00:06]} 2. c4 {[%emt 0:00:00]} e6 {[%emt 0:00:08]} 3. Nf3 {[%emt 0:00:07]} d5 {[%emt 0:00:21]} 4. Nc3 {[%emt 0:00:48]} Be7 {[%emt 0:00:31]} 5. Bg5 {[%emt 0:00:23]} h6 {[%emt 0:00:12]} 6. Bh4 {[%emt 0:00:08]} O-O {[%emt 0:00:19]} 7. e3 {[%emt 0:00:15]} Ne4 {[%emt 0:00:30]} 8. Bxe7 {[%emt 0:00:12]} Qxe7 {[%emt 0:00:07]} 9. Rc1 {[%emt 0:00:12]} c6 {[%emt 0:00:28]} 10. Bd3 {[%emt 0:00:13]} Nxc3 {[%emt 0:00:15]} 11. Rxc3 {[%emt 0:00:08]} Nd7 {[%emt 0:00:10]} 12. O-O {[%emt 0:00:24]} e5 {[%emt 0:00:20]} 13. Nxe5 {[%emt 0:00:49]} Nxe5 {[%emt 0:00:11]} 14. dxe5 {[%emt 0:00:05]} dxc4 {[%emt 0:00:10]} 15. Rxc4 {[%emt 0:01:06]} Qxe5 {[%emt 0:00:08]} 16. Qc2 {[%emt 0:00:23]} Be6 {[%emt 0:00:42]} 17. Rc5 {[%emt 0:00:39]} Qd6 {[%emt 0:00:18]} 18. b4 {[%emt 0:00:06]} Rfe8 {[%emt 0:00:02]} 19. Be4 Red8 20. a3 {[%emt 0:00:10]} Qd2 1/2-1/2

[Event "15th Paderborner Schachtuerken-Cup 2018"]
[Site "Paderborn"]
[Date "2018.12.29"]
[Round "6"]
[White "Bock, Juergen"]
[Black "Kruse, Janik"]
[Result "1/2-1/2"]
[WhiteElo "2269"]
[BlackElo "2127"]
[Annotator "NA"]
[PlyCount "40"]
[EventDate "2018.12.27"]
[EventType "swiss"]
[EventCountry "GER"]
[SourceTitle "playchess.com"]
[Source "ChessBase"]
[SourceQuality "1"]
[TimeControl "40/5400+30:900+30"]

1. d4 {[%emt 0:00:00]} d5 {[%emt 0:00:00]} 2. c4 {[%emt 0:00:12]} c6 {[%emt 0:00:00]} 3. cxd5 {[%emt 0:00:50]} cxd5 {[%emt 0:00:00]} 4. Bf4 {[%emt 0:00:33]} Nf6 {[%emt 0:01:30]} 5. Nc3 {[%emt 0:01:18]} Nc6 {[%emt 0:00:20]} 6. e3 {[%emt 0:00:39]} Bf5 {[%emt 0:02:53]} 7. Nf3 {[%emt 0:01:38]} e6 {[%emt 0:03:44]} 8. Bb5 {[%emt 0:08:00]} Be7 {[%emt 0:05:55]} 9. O-O {[%emt 0:01:36]} O-O {[%emt 0:01:14]} 10. Bxc6 {[%emt 0:04:37]} bxc6 {[%emt 0:00:12]} 11. Na4 {[%emt 0:00:38]} Nd7 {[%emt 0:08:41]} 12. Ne5 {[%emt 0:08:13]} Nxe5 {[%emt 0:01:21]} 13. Bxe5 {[%emt 0:00:14]} Rc8 {[%emt 0:02:39]} 14. Rc1 {[%emt 0:00:29]} Qa5 {[%emt 0:00:22]} 15. a3 {[%emt 0:15:57]} f6 {[%emt 0:04:50]} 16. Bg3 {[%emt 0:09:45]} Qb5 {[%emt 0:04:56]} 17. Rc3 {[%emt 0:20:22]} c5 {[%emt 0:12:26]} 18. Nxc5 {[%emt 0:04:01]} Bxc5 {[%emt 0:00:08]} 19. dxc5 {[%emt 0:01:11]} Rxc5 {[%emt 0:00:32]} 20. Qd2 {[%emt 0:03:04]} Rfc8 {[%emt 0:03:15]} 1/2-1/2

[Event "15th Paderborner Schachtuerken-Cup 2018"]
[Site "Paderborn"]
[Date "2018.12.29"]
[Round "6"]
[White "Gulatz, Maurice"]
[Black "Vogel, Constantin"]
[Result "1/2-1/2"]
[WhiteElo "2140"]
[BlackElo "2068"]
[Annotator "NA"]
[PlyCount "43"]
[EventDate "2018.12.27"]
[EventType "swiss"]
[EventCountry "GER"]
[SourceTitle "playchess.com"]
[Source "ChessBase"]
[SourceQuality "1"]
[TimeControl "40/5400+30:900+30"]

1. d4 {[%emt 0:00:00]} Nf6 {[%emt 0:00:00]} 2. c4 {[%emt 0:00:00]} e6 {[%emt 0:00:00]} 3. g3 {[%emt 0:00:02]} c5 {[%emt 0:00:27]} 4. d5 {[%emt 0:00:14]} exd5 {[%emt 0:00:25]} 5. cxd5 {[%emt 0:00:07]} b5 {[%emt 0:04:48]} 6. e4 {[%emt 0:07:08]} Nxe4 {[%emt 0:06:46]} 7. Qe2 {[%emt 0:00:26]} Qe7 {[%emt 0:01:16]} 8. Bg2 {[%emt 0:00:25]} Nd6 {[%emt 0:03:15]} 9. Be3 {[%emt 0:00:58]} Bb7 {[%emt 0:12:18]} 10. Bxc5 {[%emt 0:04:18]} Qxe2+ {[%emt 0:02:31]} 11. Nxe2 {[%emt 0:02:49]} Na6 {[%emt 0:00:13]} 12. Bxd6 {[%emt 0:11:27]} Bxd6 {[%emt 0:00:09]} 13. Nbc3 {[%emt 0:01:55]} b4 {[%emt 0:09:08]} 14. Nb5 {[%emt 0:10:51]} Bc5 {[%emt 0:06:24]} 15. O-O {[%emt 0:03:39]} O-O {[%emt 0:01:03]} 16. Nf4 {[%emt 0:03:10]} Rfc8 {[%emt 0:06:45]} 17. Rac1 {[%emt 0:04:13]} Bf8 {[%emt 0:05:50]} 18. Rfd1 {[%emt 0:12:47]} d6 {[%emt 0:06:11]} 19. Nd3 {[%emt 0:04:10]} g6 {[%emt 0:03:14]} 20. Nd4 {[%emt 0:06:29]} Bg7 {[%emt 0:10:43]} 21. Nc6 {[%emt 0:02:52]} Kf8 {[%emt 0:03:53]} 22. Na5 {[%emt 0:07:03]} 1/2-1/2

[Event "15th Paderborner Schachtuerken-Cup 2018"]
[Site "Paderborn"]
[Date "2018.12.29"]
[Round "6"]
[White "Kandic, Milan"]
[Black "Gutman, Lev"]
[Result "0-1"]
[WhiteElo "2136"]
[BlackElo "2422"]
[Annotator "TA"]
[PlyCount "161"]
[EventDate "2018.12.27"]
[EventType "swiss"]
[EventCountry "GER"]
[SourceTitle "playchess.com"]
[Source "ChessBase"]
[SourceQuality "1"]

{[%evp 22,161,0,0,19,19,15,21,46,47,62,24,59,67,98,98,96,95,131,23,147,114,121,45,107,22,13,-233,-228,-231,-225,-472,-469,-414,-402,-401,-391,-385,-385,-417,-396,-390,-24,-35,-1,-18,0,0,15,0,93,89,96,-198,-197,-197,-106,-135,-129,-154,-131,-131,-137,-146,-146,-133,-133,-133,-133,-133,-133,-132,-123,-123,-130,-154,-116,-116,-116,-106,-104,-199,-199,-199,-199,-249,-249,-249,-199,-199,-199,-199,-199,-199,-170,-163,0,-199,-199,-211,-211,-249,-211,-211,-211,-249,-249,-249,-249,-249,-211,-211,0,-249,0,-200,-199,-199,-199,-199,-199,-249,-249,-249,-211,-204,-204,-222,-204,-337,-233,-412,-406,-485,-331,-390,-375,-29954,-29950,-29942,-29944,-11689]} 1. e4 c5 2. Nf3 d6 3. d4 cxd4 4. Nxd4 Nf6 5. Nc3 Nc6 6. Nb3 e6 7. Be2 Be7 8. O-O O-O 9. Be3 a6 10. a4 b6 11. f4 Bb7 {B83: Sicilian Scheveningen: 6 Be2, lines without ...a6} 12. Bf3 {LiveBook: 35 Games} Nb4 (12... Qc7 13. Qe2 Nd7 14. Rad1 Rfd8 15. Qf2 Bf6 16. Rd2 Nc5 17. Rfd1 Bxc3 18. bxc3 Nxa4 19. c4 Nc5 20. Qg3 Ne7 21. Bd4 g6 22. Qg5 e5 23. fxe5 Ne6 24. exd6 Rxd6 25. Qe5 Nxd4 26. Rxd4 Rd7 {½-½ (26) Alekseev,E (2682)-Yakovich,Y (2523) St Petersburg 2014}) 13. Qe2 d5 {[%cal Rd5e4] The position is equal.} 14. e5 Ne4 15. Bxe4 dxe4 16. Qf2 (16. Rad1 $5 {[%cal Rd1d8]} Qc8 17. Bxb6 $14) 16... Qb8 $146 ({Predecessor:} 16... b5 17. axb5 axb5 18. Rxa8 Bxa8 19. Nxb5 {½-½ (36) Becker,F-Dambacher,M (2115) Germany 1996}) 17. Bxb6 Nd5 18. Nxd5 Bxd5 19. a5 f6 20. Qd4 (20. Nc5 $16) 20... e3 (20... Rc8 $11 {remains equal.}) 21. c4 e2 22. Rfe1 (22. cxd5 $6 exf1=Q+ 23. Rxf1 fxe5 $11) ({White should try} 22. Rf2 $1 $16 fxe5 23. Qd3 (23. fxe5 Rxf2 24. Kxf2 Bb7 $16)) 22... fxe5 $14 23. fxe5 {[#]} (23. Qd3 $1 $16 Bb7 24. fxe5 (24. Qxe2 Rxf4 25. Nc5 Bxc5+ 26. Bxc5 Qe8 $11) (24. Rxe2 Rxf4 25. Qd7 {[%mdl 64] Double Attack} Bf8 $14)) 23... Bxg2 $1 $11 {[%mdl 512]} 24. Rxe2 $2 (24. Kxg2 $11 {and White is okay.} Qb7+ 25. Kg1) 24... Bf3 $19 25. Rf2 Qe8 $1 {[%cal Re8g6][%mdl 1024] White must now prevent ...Qg6+. Black has strong compensation.} 26. Nd2 $2 (26. Qd2) 26... Qg6+ 27. Kf1 Bg2+ 28. Ke1 Bc6 29. Rxf8+ Rxf8 30. Kd1 ({But not} 30. Bc5 Bxc5 31. Qxc5 Qg2 $19) 30... Bb4 31. Qe3 Bxd2 $2 (31... Be8 $19 32. Bd4 Qg2) 32. Kxd2 $11 Rf3 $40 {[%mdl 128] Black has some attack.} 33. Rg1 Qf5 34. Qd4 h6 35. Rg3 $1 Be4 {[#]} (35... Rxg3 $11 36. hxg3 Ba4) 36. Rxf3 $1 $16 Qxf3 {[#]} 37. Qf2 $2 {[%mdl 8192]} (37. Qe3 $1 $16 {and life is bright.}) 37... Qd3+ $19 38. Ke1 Qxc4 ({Black should play} 38... Qb1+ $19 39. Kd2 Qc2+ 40. Ke1 Qc1+ 41. Ke2 Qxc4+ 42. Kd1 Qd3+ 43. Ke1 Qb1+ 44. Ke2 Qxb2+ {[%mdl 64] Double Attack} 45. Ke3 Qb1) 39. Qd4 Qc2 40. h4 Bf3 {[%csl Gf3][%cal Rc2e2]} 41. Qd8+ Kh7 {[%csl Gf3][%cal Rc2e2]} 42. Qd2 Qe4+ 43. Kf2 Bh5 44. Qd4 Qf3+ 45. Kg1 Bg6 46. Qf2 Qd1+ 47. Kh2 Be4 48. b4 Qh1+ 49. Kg3 Bf5 50. Qd4 Qe1+ 51. Kh2 (51. Kf3 $17 {is a better defense.}) 51... Be4 52. Qf2 Qxb4 53. Qd4 Qe1 54. Qf2 Qh1+ 55. Kg3 Bf5 56. Qd4 Qh3+ 57. Kf2 Kg6 58. Qf4 Kh7 $2 (58... Kf7 $19 {Strongly threatening ...Qa3.} 59. Bc5 Kg8) 59. Qg3 $2 (59. Qd4 $1 $11 Qh2+ 60. Kf3) 59... Qh1 60. Ke2 Qe4+ 61. Kf2 Qc2+ 62. Kg1 Be4 63. Kf1 Bd3+ 64. Kg1 Qe2 65. Qf4 Qe1+ 66. Kh2 Be4 {( -> ...Qh1+)} 67. Qf2 $1 {[%cal Rf2e1]} Qh1+ 68. Kg3 Qa1 69. Qf4 Qc3+ 70. Kf2 Qd3 71. Kg1 Qe2 {[%csl Ge4][%cal Re2g2]} 72. Qg3 Bf3 73. Qf2 Qe4 74. Bd4 Kg6 75. Qe3 (75. Qg3+ $142 Kh7 76. Qf2) 75... Qg4+ 76. Kf1 $2 (76. Kf2 {was the only chance.}) 76... Kh5 77. Kf2 Be4 78. Qg3 Qxh4 ({Less strong is} 78... Qd1 79. Qe3 $19) 79. Qxh4+ $2 (79. Bc5 $19 Qh1 80. Ke2) 79... Kxh4 80. Ke3 Bd5 81. Ke2 {Accuracy: White = 38%, Black = 44%.} 0-1

[Event "15th Paderborner Schachtuerken-Cup 2018"]
[Site "Paderborn"]
[Date "2018.12.29"]
[Round "6"]
[White "Hoette, Philipp"]
[Black "Zimmermann, Klemens"]
[Result "1-0"]
[WhiteElo "2065"]
[BlackElo "2282"]
[Annotator "NA"]
[PlyCount "67"]
[EventDate "2018.12.27"]
[EventType "swiss"]
[EventCountry "GER"]
[SourceTitle "playchess.com"]
[Source "ChessBase"]
[SourceQuality "1"]
[TimeControl "40/5400+30:900+30"]

1. e4 {[%emt 0:00:00]} c5 {[%emt 0:00:00]} 2. Nc3 {[%emt 0:00:00]} a6 {[%emt 0:02:45]} 3. d3 {[%emt 0:04:44]} e6 {[%emt 0:00:45]} 4. f4 {[%emt 0:00:53]} d5 {[%emt 0:00:27]} 5. Nf3 {[%emt 0:00:29]} Nf6 {[%emt 0:03:46]} 6. e5 {[%emt 0:09:50]} d4 {[%emt 0:03:02]} 7. Ne4 {[%emt 0:01:12]} Nd5 {[%emt 0:01:06]} 8. c4 {[%emt 0:06:16]} dxc3 {[%emt 0:04:22]} 9. bxc3 {[%emt 0:02:46]} Be7 {[%emt 0:04:29]} 10. Qc2 {[%emt 0:01:20]} Nc6 {[%emt 0:03:34]} 11. Be2 {[%emt 0:05:28]} b5 {[%emt 0:12:26]} 12. a4 {[%emt 0:11:12]} Rb8 {[%emt 0:02:44]} 13. axb5 {[%emt 0:01:54]} axb5 {[%emt 0:00:19]} 14. Bd2 {[%emt 0:00:49]} O-O {[%emt 0:01:31]} 15. O-O {[%emt 0:03:03]} b4 {[%emt 0:09:40]} 16. c4 {[%emt 0:06:37]} Nc7 {[%emt 0:09:47]} 17. Be3 {[%emt 0:01:27]} Na6 {[%emt 0:06:22]} 18. Rfb1 {[%emt 0:05:05]} f5 {[%emt 0:06:16]} 19. Ned2 {[%emt 0:01:38]} Bb7 {[%emt 0:04:57]} 20. Nb3 {[%emt 0:01:25]} Qc8 {[%emt 0:02:53]} 21. Ra4 {[%emt 0:01:38]} Rd8 {[%emt 0:00:09]} 22. Rba1 {[%emt 0:02:02]} Ra8 {[%emt 0:04:01]} 23. Bf1 {[%emt 0:00:43]} Qc7 {[%emt 0:00:11]} 24. Qf2 {[%emt 0:01:48]} g5 {[%emt 0:05:37]} 25. Nxg5 {[%emt 0:08:33]} Bxg5 {[%emt 0:00:41]} 26. fxg5 {[%emt 0:01:30]} Nxe5 {[%emt 0:00:23]} 27. Bf4 {[%emt 0:01:01]} Qg7 {[%emt 0:00:56]} 28. Qe3 {[%emt 0:01:08]} Nf7 {[%emt 0:00:48]} 29. Qxe6 {[%emt 0:00:57]} Bc8 {[%emt 0:03:38]} 30. Qf6 {[%emt 0:02:16]} Qxf6 {[%emt 0:03:20]} 31. gxf6 {[%emt 0:00:03]} Bb7 {[%emt 0:00:05]} 32. Na5 {[%emt 0:01:52]} Bc8 {[%emt 0:00:50]} 33. Nc6 {[%emt 0:00:35]} Bd7 {[%emt 0:00:32] Ne} 34. Ne7+ {[%emt 0:00:16]} 1-0

[Event "15th Paderborner Schachtuerken-Cup 2018"]
[Site "Paderborn"]
[Date "2018.12.30"]
[Round "7"]
[White "Gutman, Lev"]
[Black "Hoette, Philipp"]
[Result "1-0"]
[WhiteElo "2422"]
[BlackElo "2065"]
[Annotator "NA"]
[PlyCount "45"]
[EventDate "2018.12.27"]
[EventType "swiss"]
[EventCountry "GER"]
[SourceTitle "playchess.com"]
[Source "ChessBase"]
[SourceQuality "1"]
[TimeControl "40/5400+30:900+30"]

1. Nf3 {[%emt 0:02:09]} d5 {[%emt 0:00:00]} 2. g3 {[%emt 0:00:12]} Nf6 {[%emt 0:00:00]} 3. Bg2 {[%emt 0:00:14]} c6 {[%emt 0:00:29]} 4. O-O {[%emt 0:00:08]} Bg4 {[%emt 0:00:17]} 5. d4 {[%emt 0:00:18]} Nbd7 {[%emt 0:00:49]} 6. c4 {[%emt 0:00:08]} e6 {[%emt 0:00:26]} 7. h3 {[%emt 0:02:01]} Bxf3 {[%emt 0:03:38]} 8. Bxf3 {[%emt 0:00:04]} dxc4 {[%emt 0:00:08]} 9. Qc2 {[%emt 0:00:58]} Nb6 {[%emt 0:00:25]} 10. Rd1 {[%emt 0:00:07]} Qc7 {[%emt 0:07:37]} 11. a4 {[%emt 0:09:17]} a5 {[%emt 0:09:56]} 12. e4 {[%emt 0:00:08]} Bb4 {[%emt 0:03:24]} 13. Nd2 {[%emt 0:02:47]} c5 {[%emt 0:05:51]} 14. d5 {[%emt 0:01:24]} exd5 {[%emt 0:12:13]} 15. exd5 {[%emt 0:00:14]} Nbxd5 {[%emt 0:00:18]} 16. Nxc4 {[%emt 0:00:19]} Rd8 {[%emt 0:00:40]} 17. Bxd5 {[%emt 0:03:03]} Nxd5 {[%emt 0:03:25]} 18. Rxd5 {[%emt 0:00:41]} Rxd5 {[%emt 0:00:17]} 19. Qe4+ {[%emt 0:00:41]} Qe7 {[%emt 0:00:04]} 20. Qxd5 {[%emt 0:00:24]} Qe1+ {[%emt 0:00:04]} 21. Kg2 {[%emt 0:00:08]} O-O {[%emt 0:00:09]} 22. Ne3 {[%emt 0:00:30]} Re8 {[%emt 0:00:27]} 23. Nc2 {[%emt 0:00:58]} 1-0

[Event "15th Paderborner Schachtuerken-Cup 2018"]
[Site "Paderborn"]
[Date "2018.12.30"]
[Round "7"]
[White "Bluebaum, Karl-Ernst"]
[Black "Levin, Felix"]
[Result "1/2-1/2"]
[WhiteElo "2269"]
[BlackElo "2482"]
[Annotator "TA"]
[PlyCount "30"]
[EventDate "2018.12.27"]
[EventType "swiss"]
[EventCountry "GER"]
[SourceTitle "playchess.com"]
[Source "ChessBase"]
[SourceQuality "1"]

{[%evp 9,30,54,78,8,12,13,11,0,36,5,14,17,32,21,25,0,29,-20,-12,-17,-8,-24,0]} 1. d4 d5 2. c4 dxc4 3. e4 Nf6 4. e5 Nd5 5. Bxc4 Bf5 {[#] LiveBook: 22 Games} (5... Nb6 6. Bd3 Nc6 7. Ne2 Bg4 8. f3 Bh5 9. Be4 e6 10. O-O Bg6 11. Be3 Be7 12. a3 Bxe4 13. fxe4 Bg5 14. Bf2 O-O 15. Qc2 f5 16. exf6 Rxf6 {½-½ (39) Grischuk,A (2782)-Caruana,F (2799) Saint Louis 2017}) 6. a3 {D20: Queen's Gambit Accepted: 3 e3 and 3 e4} (6. Qb3 $1 $16 e6 7. Qxb7) 6... e6 7. Nc3 Nb6 $146 ({Predecessor:} 7... c6 8. Nge2 Nd7 9. Nxd5 cxd5 10. Bd3 Bxd3 11. Qxd3 Be7 12. Qg3 g6 13. Bh6 Qa5+ 14. Nc3 Qa6 15. Rc1 Rc8 16. Qf3 {½-½ (16) Ringoir,T (2518)-Gurevich,D (2465) Charlotte 2017}) 8. Ba2 {The position is equal.} Nc6 9. Nge2 Qd7 10. O-O O-O-O 11. Be3 h5 {[%cal Bh7h5,Bh5h4,Bh4h3][%mdl 32]} 12. Rc1 h4 13. b4 h3 {[#] aiming for ...hxg2.} 14. g3 Kb8 15. f3 f6 {Accuracy: White = 20%, Black = 53%.} 1/2-1/2

[Event "15th Paderborner Schachtuerken-Cup 2018"]
[Site "Paderborn"]
[Date "2018.12.30"]
[Round "7"]
[White "Kruse, Janik"]
[Black "Punsaem, Gap"]
[Result "1-0"]
[WhiteElo "2127"]
[BlackElo "1977"]
[Annotator "NA"]
[PlyCount "93"]
[EventDate "2018.12.27"]
[EventType "swiss"]
[EventCountry "GER"]
[SourceTitle "playchess.com"]
[Source "ChessBase"]
[SourceQuality "1"]
[TimeControl "40/5400+30:900+30"]

1. d4 {[%emt 0:00:00]} Nf6 {[%emt 0:00:00]} 2. c4 {[%emt 0:00:00]} g6 {[%emt 0:00:00]} 3. f3 {[%emt 0:02:03]} d5 {[%emt 0:02:41]} 4. cxd5 {[%emt 0:00:16]} Nxd5 {[%emt 0:00:02]} 5. e4 {[%emt 0:00:12]} Nb6 {[%emt 0:00:39]} 6. Be3 {[%emt 0:00:21]} Bg7 {[%emt 0:00:17]} 7. Nc3 {[%emt 0:00:21]} O-O {[%emt 0:01:27]} 8. Qd2 {[%emt 0:00:06]} Nc6 {[%emt 0:11:08]} 9. O-O-O {[%emt 0:00:14]} a5 {[%emt 0:06:36]} 10. Kb1 {[%emt 0:06:45]} a4 {[%emt 0:05:38]} 11. h4 {[%emt 0:16:45]} Na5 {[%emt 0:04:07]} 12. Bh6 {[%emt 0:05:23]} Nac4 {[%emt 0:06:30]} 13. Bxc4 {[%emt 0:03:33]} Nxc4 {[%emt 0:00:01]} 14. Qf4 {[%emt 0:00:47]} e5 {[%emt 0:21:58]} 15. dxe5 {[%emt 0:01:49]} Bxh6 {[%emt 0:01:14]} 16. Qxh6 {[%emt 0:00:25]} Qe7 {[%emt 0:00:21]} 17. Nge2 {[%emt 0:10:01]} Qb4 {[%emt 0:05:57]} 18. Qc1 {[%emt 0:00:18]} c6 {[%emt 0:04:24]} 19. Rd4 {[%emt 0:14:11]} Be6 {[%emt 0:02:48]} 20. Ka1 {[%emt 0:03:39]} Ra6 {[%emt 0:04:18]} 21. f4 {[%emt 0:07:49]} Bg4 {[%emt 0:02:47]} 22. Rhd1 {[%emt 0:08:41]} b5 {[%emt 0:06:04]} 23. f5 {[%emt 0:06:07]} Qe7 {[%emt 0:01:09]} 24. e6 {[%emt 0:00:29]} fxe6 {[%emt 0:00:26]} 25. Rd7 {[%emt 0:00:42]} Qf6 {[%emt 0:01:28]} 26. Qh6 {[%emt 0:01:33]} Rf7 {[%emt 0:03:38]} 27. Rd8+ {[%emt 0:02:40]} Rf8 {[%emt 0:00:02]} 28. R8d7 {[%emt 0:00:36]} Rf7 {[%emt 0:00:01]} 29. Rxf7 {[%emt 0:01:53]} Kxf7 {[%emt 0:00:28]} 30. Qxh7+ {[%emt 0:00:23]} Kf8 {[%emt 0:01:34]} 31. Qh6+ {[%emt 0:00:48]} Kg8 {[%emt 0:01:10]} 32. Qf4 {[%emt 0:05:48]} Bxe2 {[%emt 0:02:34]} 33. Qb8+ {[%emt 0:00:05]} Kh7 {[%emt 0:00:52]} 34. Rd7+ {[%emt 0:00:05]} Kh6 {[%emt 0:00:11]} 35. Qf4+ {[%emt 0:00:19]} g5 {[%emt 0:00:50]} 36. hxg5+ {[%emt 0:00:16]} Qxg5 {[%emt 0:00:22]} 37. Rh7+ {[%emt 0:00:12]} Kxh7 {[%emt 0:00:05]} 38. Qxg5 {[%emt 0:00:04]} exf5 {[%emt 0:02:19]} 39. Qxf5+ {[%emt 0:00:09]} Kh6 {[%emt 0:01:31]} 40. Nxe2 {[%emt 0:00:04]} Ra7 {[%emt 0:01:42]} 41. Nf4 {[%emt 0:15:08]} Kg7 {[%emt 0:15:35]} 42. Qg6+ {[%emt 0:00:24]} Kh8 {[%emt 0:00:33]} 43. Qf6+ {[%emt 0:00:47]} Kh7 {[%emt 0:00:16]} 44. a3 {[%emt 0:01:21]} Nd2 {[%emt 0:00:00]} 45. Qg6+ {[%emt 0:00:00]} Kh8 {[%emt 0:00:00]} 46. Nh5 {[%emt 0:00:00]} Nb3+ {[%emt 0:00:00]} 47. Kb1 {[%emt 0:00:00]} 1-0